Statistics for FC 24 TOTW 11

Click here to take the quiz!

General Stats

  • This quiz has been taken 3 times
  • The average score is 12 of 18

Answer Stats

ratposclubplayer% Correct
TOTW91RWFC BarcelonaCaroline Graham Hansen
100%
TOTW88RMSassuoloDomenico Berardi
100%
TOTW85CAMGalatasarayDries Mertens
100%
TOTW85CMParis Saint-GermainFabián Ruiz
100%
TOTW84STVillarrealJosé Luis Morales
100%
TOTW88STAS RomaPaulo Dybala
100%
TOTW84CBBayer LeverkusenPiero Hincapié
100%
TOTW83LMAtlético MadridSamuel Lino
100%
TOTW86LBAC MilanTheo Hernández
100%
TOTW87RBLiverpoolTrent Alexander-Arnold
100%
TOTW86STManchester City WomenKhadija Shaw
50%
TOTW84GKLille OSCLucas Chevalier
50%
TOTW86CBAston VillaPau Torres
50%
TOTW86LMManchester UnitedAlejandro Garnarcho
0%
TOTW83STStal MielecIlya Shkurin
0%
TOTW83STHeracles AlmeloMohamed Sankoh
0%
TOTW83STIF BrommapojkarnaNikola Vasić
0%
TOTW86STFeyenoordSantiago Giménez
0%

Score Distribution

Percentile by Number Answered

Percent of People with Each Score

Your Score History

You have not taken this quiz